000 01272nam a22003377a 4500
003 CHAP
005 20220329143355.0
008 090121s2008 mx r 00010 spa d
010 _a95683
011 _a96655
035 _a107311
040 _cCHAP
090 _aTesis
100 0 0 _aMoreno Zárate, Clelia.
_978731
245 1 3 _aLa práctica docente universitaria :
_bun estudio de caso en la agronomía
_c/por Clelia Moreno Zárate
260 _aChapingo, Méx. :
_bEl autor,
_c2008
300 _axvii, 301 h. :
_bgráfs.
502 _aTesis (Ph.D. en Ciencias en Educación Agrícola Superior) -- UACH. Departamento de Sociología Rural
590 _aALEPH
_b10
_c20130110
_lUCH01
_h1525
590 _aBATCH-UPD
_b10
_c20130110
_lUCH01
_h0650
590 _aBATCH-UPD
_b10
_c20130410
_lUCH01
_h0335
590 _aBATCH-UPD
_b10
_c20130914
_lUCH01
_h1243
590 _aCONVERSION
_b10
_c20130109
_lUCH01
_h1353
650 1 4 _aEducación agrícola
_xEstudio y enseñanza.
_935516
650 1 4 _aEducación agrícola
_xEvaluación.
_935518
650 1 4 _aEducación agrícola
_xInvestigación.
_935529
901 _aBK
942 _cFOLL
949 _aTesis
_bBC
_cTES
_d33724002080751
_eTS2
_fc..2
_h48535
_i107311
_sb
949 _aTesis
_bBC
_cTES
_d33724002080793
_eTS1
_h48534
_i107311
_sb
999 _c95683
_d95683